Statistics for Biggest Cities in Kansas

Click here to take the quiz!

General Stats

  • This quiz has been taken 2,140 times
    (482 since last reset)
  • The average score is 10 of 20

Answer Stats

Population City % Correct
152,938Kansas City
96%
390,591Wichita
95%
126,587Topeka
92%
191,278Overland Park
74%
96,892Lawrence
71%
54,832Manhattan
65%
27,720Dodge City
65%
137,472Olathe
64%
46,994Salina
54%
65,513Shawnee
45%
36,210Leavenworth
41%
40,772Hutchinson
41%
26,895Garden City
40%
53,553Lenexa
39%
24,724Emporia
38%
22,988Junction City
27%
34,659Leawood
24%
23,673Derby
24%
21,583Gardner
16%
22,368Prairie Village
14%

Score Distribution

Percentile by Number Answered

Percent of People with Each Score

Your Score History

You have not taken this quiz since the last reset